| 000 | 00324nam a22001337a 4500 | ||
|---|---|---|---|
| 020 | _a789382741688 | ||
| 082 |
_a530 _bGUP/P |
||
| 100 | _aATUL GUPTA | ||
| 245 |
_a100% NCERT SOLUTIONS PHYSICS _bCLASS XI |
||
| 260 |
_aDELHI _bFULL MARKS PVT LTD |
||
| 300 | _a279 | ||
| 650 |
_aPHYSICS SOLUTIONS FOR CLASS XI _zINDIA |
||
| 942 | _cBK | ||
| 999 |
_c519 _d519 |
||